Obras escogidas /
Պահպանված է:
| Հիմնական հեղինակ: | |
|---|---|
| Ձևաչափ: | Գիրք |
| Լեզու: | Spanish |
| Հրապարակվել է: |
Ciudad Universitaria Rodrigo Facio, Costa Rica :
Editorial Universitaria Centroamericana,
1974.
|
| Հրատարակություն: | 1. edición |
| Շարք: | Colección Séptimo día
|
| Խորագրեր: | |
| Ցուցիչներ: |
Ավելացրեք ցուցիչ
Չկան պիտակներ, Եղեք առաջինը, ով նշում է այս գրառումը!
|
MARC
| LEADER | 00000cam a2200000 i 4500 | ||
|---|---|---|---|
| 001 | 1299585 | ||
| 005 | 20170512090103.0 | ||
| 008 | 761104s1974 cr 000 1 spa | ||
| 040 | |a DLC |c DLC |d DLC |d CRU CIICLA | ||
| 082 | 0 | 0 | |a CR863.4 |b G216-o |
| 100 | 2 | |a García Monge, Joaquín, |d 1881-1958. | |
| 245 | 1 | 0 | |a Obras escogidas / |c Joaquín García Monge ; selección de Eugenio García Carrillo ; prólogo de Alfonso Chase. |
| 250 | |a 1. edición | ||
| 260 | |a Ciudad Universitaria Rodrigo Facio, Costa Rica : |b Editorial Universitaria Centroamericana, |c 1974. | ||
| 300 | |a 632 páginas | ||
| 490 | 0 | |a Colección Séptimo día | |
| 650 | 7 | |9 76 |a LITERATURA COSTARRICENSE | |
| 942 | |2 ddc |c BK | ||
| 999 | |c 3939 |d 3939 | ||
